Statistiques concernant Qui est cette actrice française ?

Cliquez ici pour prendre le quiz!

Statistiques générales

  • Ce quiz a été pris 199 fois
  • Le résultat moyen est 12 sur 16

Statistiques - réponses

Réponse% Correct
Marion Cotillard
95%
Sophie Marceau
90%
Charlotte Gainsbourg
85%
Catherine Deneuve
84%
Audrey Tautou
83%
Virginie Efira
82%
Josiane Balasko
77%
Isabelle Adjani
76%
Sandrine Kiberlain
67%
Géraldine Nakache
66%
Leïla Bekhti
66%
Léa Seydoux
65%
Isabelle Huppert
62%
Nathalie Baye
58%
Adèle Exarchopoulos
53%
Adèle Haenel
41%

Distribution des résultats

Percentile par nombre de réponses

% des personnes avec chaque résultat

Votre développement - résultats

Vous n’avez pas pris ce quiz